Statistiques concernant Culture Générale - Série 2546

Cliquez ici pour prendre le quiz!

Statistiques générales

  • Ce quiz a été pris 129 fois
  • Le résultat moyen est 5 sur 10

Statistiques - réponses

QuestionRéponse% Correct
Quelle est la capitale du Vietnam ?Hanoï
87%
Branche de la zoologie qui a pour objet l'étude des oiseauxornithologie
73%
Quelle est la capitale du Nicaragua ?Managua
71%
Quel nom de plante est employé pour désigner l'argent ? - 7 lettresoseille
70%
Spécialité des cuisines grecque et turque, ainsi que de la cuisine juive. Ce mets est à base d'œufs de poissons (généralement de mulet, ou encore de cabillaud) - voir phototarama
59%
Quel écrivain a utilisé comme pseudonyme "Bison Ravi" (anagramme de ses prénom et nom) ?Boris Vian
56%
Sous quel pseudonyme Romain Gary a-t-il reçu le prix Goncourt pour "La vie devant soi" en 1975 ?Emile Ajar
41%
Ancienne unité monétaire du Portugal (avant l'euro) - Unité monétaire du Cap-Vertescudo
41%
Avec quel livre le romancier André Malraux, qui fut par la suite ministre de la culture sous l’ère de Gaulle, remporte-t-il le prix Goncourt en 1933 ?La condition humaine
28%
Selon l'expression populaire : Quel animal mange-t-on lorsqu'on dilapide notre argent ?grenouille
5%

Distribution des résultats

Percentile par nombre de réponses

% des personnes avec chaque résultat

Votre développement - résultats

Vous n’avez pas pris ce quiz